[Event "Ì15Ï"]
[Site "Loo"]
[Date "2017.04.27"]
[Round "8.51"]
[White "Êîíîâàëîâ, Àëåêñåé."]
[Black "Ëåáåäåâ, Ìàòâåé."]
[Result "1-0"]
[WhiteElo "1581"]
[BlackElo "1189"]
[PlyCount "59"]
[EventDate "2017.04.20"]

1. e4 c6 2. d4 d5 3. exd5 cxd5 4. Bd3 Nc6 5. c3 Nf6 6. h3 e6 7. Bf4 Bd6 8. Bxd6
Qxd6 9. Nf3 a6 10. O-O O-O 11. Re1 Bd7 12. Nbd2 Rfc8 13. Ne5 Na5 14. Re3 b5 15.
Rf3 Nc4 16. Ndxc4 dxc4 17. Bb1 Bc6 18. Rg3 Nd7 19. Bxh7+ Kf8 20. Qg4 g6 21.
Nxf7 Kxf7 22. Qxg6+ Ke7 23. Qg5+ Ke8 24. d5 Bxd5 25. Bg6+ Kf8 26. Rd1 Rc5 27.
Rf3+ Kg8 28. Be8+ Kh8 29. Qh6+ Kg8 30. Bf7# 1-0

[Event "Ì15Ï"]
[Site "Loo"]
[Date "2017.04.27"]
[Round "8.52"]
[White "Ãîçãåøåâ, Ýëüäàð."]
[Black "Æóê, Êèðèëë."]
[Result "1-0"]
[WhiteElo "1475"]
[BlackElo "1641"]
[PlyCount "135"]
[EventDate "2017.04.20"]

1. d4 d5 2. e3 Nf6 3. Bd3 e6 4. Nf3 c5 5. b3 Nc6 6. Nbd2 b6 7. O-O Bb7 8. Bb2
Be7 9. Ne5 Nxe5 10. dxe5 Nd7 11. f4 Qc7 12. Qe2 O-O-O 13. Rad1 f5 14. c4 dxc4
15. Bxc4 Nf8 16. e4 g6 17. Nb1 Kb8 18. Nc3 Rxd1 19. Rxd1 Qc6 20. Bb5 Qc8 21. a4
a6 22. Bc4 Ka7 23. Rd2 Qc6 24. Qe3 Nd7 25. Ne2 Rd8 26. Nc3 Nb8 27. Rxd8 Bxd8
28. Qd2 Be7 29. exf5 gxf5 30. Nd1 Nd7 31. Ne3 Nf8 32. Be2 Ng6 33. Bf3 Qc7 34.
Bxb7 Qxb7 35. Nc4 Nf8 36. Nd6 Qd7 37. Ba3 Qc6 38. b4 cxb4 39. Qxb4 Kb8 40. Qb3
Ng6 41. g3 Nf8 42. Nc4 Bxa3 43. Qxa3 Qxc4 44. Qxf8+ Qc8 45. Qd6+ Kb7 46. Qe7+
Kb8 47. Qxh7 Qc5+ 48. Kg2 Qc6+ 49. Kh3 Qxa4 50. Qg8+ Kc7 51. Qxe6 Qd7 52. Qc4+
Kb7 53. e6 Qd8 54. Qe2 Qe7 55. Qe5 Kc6 56. Qxf5 Kd6 57. Qe5+ Kc6 58. f5 a5 59.
Qc3+ Kb7 60. Qf3+ Ka7 61. Qh5 Ka6 62. Qf7 Qa3 63. e7 Qd3 64. e8=Q Qf1+ 65. Kh4
Qf2 66. Qc4+ b5 67. Qcc6+ Qb6 68. Qea8# 1-0

[Event "Ì15Ï"]
[Site "Loo"]
[Date "2017.04.27"]
[Round "8.53"]
[White "Ñìåëûõ, Ýäâèí."]
[Black "Âîëîäèí, Àíäðåé."]
[Result "1-0"]
[WhiteElo "1635"]
[BlackElo "1467"]
[PlyCount "57"]
[EventDate "2017.04.20"]

1. e4 e5 2. Nf3 Nc6 3. Bb5 f5 4. Nc3 Nf6 5. exf5 e4 6. Ng5 d5 7. d3 h6 8. Ne6
Bxe6 9. fxe6 Qd6 10. dxe4 Qxe6 11. O-O dxe4 12. Re1 Bc5 13. Be3 Bxe3 14. Rxe3
O-O 15. Qf1 Ne5 16. h3 Qf5 17. Rae1 c6 18. Bc4+ Nxc4 19. Qxc4+ Kh8 20. R1e2
Rad8 21. Nxe4 Rd1+ 22. Kh2 Qe5+ 23. Ng3 Qxb2 24. c3 Qc1 25. Qb4 Rb8 26. Re7 Rd7
27. Rxd7 Nxd7 28. Qd6 Rd8 29. Re7 1-0

[Event "Ì15Ï"]
[Site "Loo"]
[Date "2017.04.27"]
[Round "8.54"]
[White "Øè, Ìàêñèì."]
[Black "Îæåãîâ, Åãîð."]
[Result "0-1"]
[WhiteElo "1462"]
[BlackElo "1632"]
[PlyCount "84"]
[EventDate "2017.04.20"]

1. d4 d6 2. Nf3 Nf6 3. c4 g6 4. Nc3 Bf5 5. Bf4 Bg7 6. e3 O-O 7. Bd3 Nh5 8. Bg3
Bg4 9. Be2 Nd7 10. Qd3 Nxg3 11. hxg3 e5 12. d5 Nc5 13. Qc2 e4 14. Nxe4 Bf5 15.
Nfd2 Re8 16. Bd3 Bxb2 17. Rb1 Nxd3+ 18. Qxd3 Bg7 19. f3 b6 20. g4 Bc8 21. Kf2
Ba6 22. Rh2 h6 23. Rbh1 Rf8 24. Ng3 Qd7 25. f4 Qxg4 26. Rh4 Qd7 27. f5 Rae8 28.
fxg6 fxg6+ 29. Kg1 g5 30. R4h3 Qf7 31. Kh2 Bc8 32. Rh5 Bg4 33. Rxh6 Bxh6 34.
Kg1 Qf2+ 35. Kh2 Bf5 36. Nxf5 Qxf5 37. Qe2 Qf2 38. Qd3 Rxe3 39. Qg6+ Bg7 40.
Nf3 Rexf3 41. Qe6+ Kh8 42. Qg4 Be5+ 0-1

[Event "Ì15Ï"]
[Site "Loo"]
[Date "2017.04.27"]
[Round "8.55"]
[White "ßñòðåáîâ, Íèêèòà."]
[Black "Ãîëîâàíñêèõ, Äìèòðèé."]
[Result "1-0"]
[WhiteElo "1602"]
[BlackElo "1447"]
[PlyCount "159"]
[EventDate "2017.04.20"]

1. e4 c5 2. Nc3 Nc6 3. Bb5 d6 4. Bxc6+ bxc6 5. f4 g6 6. Nf3 Bg7 7. d3 Nf6 8.
O-O O-O 9. Qe1 Bd7 10. Qh4 h5 11. Kh1 Nh7 12. Qg3 Bg4 13. Nh4 Bd7 14. f5 Be5
15. Bf4 Bxf4 16. Qxf4 g5 17. Qg3 Kh8 18. Nf3 f6 19. Qf2 Be8 20. Qd2 Kg7 21. h4
g4 22. Ng1 Bf7 23. Nge2 Rg8 24. Ng3 Qc7 25. Nce2 Nf8 26. Nf4 Rh8 27. Qe2 Qd7
28. c3 Rc8 29. a3 e5 30. fxe6 Nxe6 31. Qf2 Rcf8 32. b4 Nxf4 33. Qxf4 Bg6 34.
Qf2 cxb4 35. axb4 Rf7 36. Ra5 d5 37. Rfa1 Ra8 38. exd5 cxd5 39. Qd4 Qc7 40. Ne2
Re7 41. Nf4 Bf7 42. Ra6 Qe5 43. Qxe5 fxe5 44. Ne2 Bg6 45. Rd1 Rf8 46. Kg1 Ref7
47. Ng3 Rc7 48. Rd6 Rxc3 49. Rxd5 Rb3 50. Rxe5 Rxb4 51. Nxh5+ Bxh5 52. Rxh5 Rd4
53. Ra5 Rf7 54. Kh2 Kg8 55. Kg3 Rg7 56. Ra3 Rh7 57. Re1 Rhd7 58. Re4 Rxd3+ 59.
Rxd3 Rxd3+ 60. Kxg4 a5 61. Ra4 Rd5 62. h5 Kg7 63. Kh4 Kh6 64. g4 Rb5 65. Rc4
Kg7 66. Rc7+ Kh6 67. Rc6+ Kh7 68. Ra6 Kg7 69. h6+ Kh7 70. g5 Rb4+ 71. Kh5 Rb8
72. Rxa5 Rg8 73. Ra7+ Kh8 74. g6 Re8 75. Ra5 Rc8 76. Rf5 Rb8 77. Re5 Ra8 78.
Rb5 Kg8 79. h7+ Kh8 80. Kh6 1-0

[Event "Ì15Ï"]
[Site "Loo"]
[Date "2017.04.27"]
[Round "8.56"]
[White "Òèòîâè÷, Ìèõàèë."]
[Black "Ùåïåòîâ, Ìàêñèì."]
[Result "1/2-1/2"]
[WhiteElo "1440"]
[BlackElo "1600"]
[PlyCount "72"]
[EventDate "2017.04.20"]

1. d4 Nf6 2. c4 g6 3. Nc3 d5 4. Nf3 Bg7 5. Bf4 O-O 6. cxd5 Nxd5 7. Nxd5 Qxd5 8.
Bxc7 Nc6 9. e3 Bg4 10. Be2 Rac8 11. Bf4 Nb4 12. O-O Rfd8 13. Qa4 Nc6 14. h3 Bd7
15. Qc4 Qa5 16. Qb5 Qxb5 17. Bxb5 a6 18. Be2 Nb4 19. a3 Nd5 20. Be5 Rc2 21.
Bxg7 Kxg7 22. Bd3 Rxb2 23. Rab1 Rxb1 24. Rxb1 b5 25. Ne5 f6 26. Nxd7 Rxd7 27.
Rc1 Rd6 28. Rc5 Kf7 29. Be4 Nb6 30. Bb7 Na4 31. Rc2 Ke8 32. Kf1 Kf7 33. Bc8 Kf8
34. Bb7 Kf7 35. Bc8 Ke8 36. Bb7 Kd7 1/2-1/2

[Event "Ì15Ï"]
[Site "Loo"]
[Date "2017.04.27"]
[Round "8.57"]
[White "Áóðäèí, Øàõðîì."]
[Black "Ôèðñòîâ, Òèìóð."]
[Result "1/2-1/2"]
[WhiteElo "1579"]
[BlackElo "1412"]
[PlyCount "94"]
[EventDate "2017.04.20"]

1. e4 c6 2. d4 d5 3. exd5 cxd5 4. Bd3 Qc7 5. Nf3 Nc6 6. O-O Nf6 7. c3 Bg4 8.
Nbd2 e6 9. h3 Bh5 10. Qc2 Bd6 11. Re1 Bxf3 12. Nxf3 O-O 13. Bg5 Be7 14. Bxf6
Bxf6 15. Bxh7+ Kh8 16. Bd3 Rac8 17. Qe2 Qf4 18. Qe3 Qxe3 19. Rxe3 a6 20. Rae1
b5 21. a3 Rb8 22. Ne5 Bxe5 23. dxe5 a5 24. Rc1 Rfc8 25. f4 Nd4 26. Rd1 Nb3 27.
Bc2 Nc5 28. b4 axb4 29. axb4 Na6 30. Ra1 Nxb4 31. cxb4 Rxc2 32. Rb3 Rc4 33. g3
d4 34. Kf1 Rbc8 35. Ra5 Rc3 36. Rb2 d3 37. Ke1 d2+ 38. Rxd2 Rxg3 39. Rxb5 Rxh3
40. Rb7 Rh1+ 41. Ke2 Rh2+ 42. Ke3 Rxd2 43. Kxd2 Rc4 44. Ke3 Kg8 45. Rb8+ Kh7
46. b5 Rb4 47. b6 Kg6 1/2-1/2

[Event "Ì15Ï"]
[Site "Loo"]
[Date "2017.04.27"]
[Round "8.58"]
[White "Åôàíîâ, Àëåêñåé."]
[Black "Àíòîíîâ, Àíäðåé."]
[Result "1/2-1/2"]
[WhiteElo "1567"]
[BlackElo "1373"]
[PlyCount "74"]
[EventDate "2017.04.20"]

1. e4 c5 2. Nf3 Nc6 3. d4 cxd4 4. Nxd4 Nf6 5. Nc3 e5 6. Nb3 Bb4 7. Bg5 Bxc3+ 8.
bxc3 h6 9. Bxf6 Qxf6 10. Bc4 d6 11. Bd5 O-O 12. O-O Rd8 13. Qe2 Be6 14. c4 Rac8
15. Rac1 Bxd5 16. cxd5 Nb4 17. c3 Na6 18. Rc2 Nc5 19. Rb1 Qe7 20. c4 Rc7 21.
Nxc5 Rxc5 22. Rcb2 b6 23. Rb5 Rdc8 24. Rxc5 Rxc5 25. Rb5 Qc7 26. Rxc5 Qxc5 27.
Kf1 Qd4 28. g3 Kh7 29. Qc2 g6 30. Ke2 Kg7 31. Kf1 Kh7 32. Ke2 Kg7 33. Kf1 Kh7
34. Ke2 Kg7 35. Kf1 Kh7 36. Ke2 Kg7 37. Kf1 Kh7 1/2-1/2

[Event "Ì15Ï"]
[Site "Loo"]
[Date "2017.04.27"]
[Round "8.59"]
[White "Êðèâè÷, Èëüÿ."]
[Black "Þñóïîâ, Ìàðê."]
[Result "1-0"]
[WhiteElo "1546"]
[BlackElo "1280"]
[PlyCount "71"]
[EventDate "2017.04.20"]

1. Nf3 d5 2. c4 Nf6 3. g3 Bf5 4. d3 e6 5. Bg2 Bc5 6. O-O Nc6 7. d4 Be7 8. Nc3
O-O 9. cxd5 exd5 10. e3 Nb4 11. Ne1 c5 12. a3 cxd4 13. axb4 dxc3 14. bxc3 Ne4
15. Bb2 Bf6 16. Rc1 Rc8 17. g4 Nxc3 18. Bxc3 Bxc3 19. gxf5 Bxb4 20. Rxc8 Qxc8
21. Qxd5 b6 22. Nd3 Rd8 23. Rc1 Qb8 24. Qc4 Bd6 25. h3 Ba3 26. Rc3 Bd6 27. Bd5
Rf8 28. e4 b5 29. Qd4 b4 30. Rc6 b3 31. Rxd6 Rc8 32. Bxf7+ Kxf7 33. Rd7+ Ke8
34. Qxg7 Rc1+ 35. Nxc1 Qb4 36. Qf7# 1-0

[Event "Ì15Ï"]
[Site "Loo"]
[Date "2017.04.27"]
[Round "8.60"]
[White "Ïàâëè÷åíêî, Íèêèòà."]
[Black "Ïåòÿêîâ, Ýìèð."]
[Result "1-0"]
[WhiteElo "1539"]
[BlackElo "1191"]
[PlyCount "123"]
[EventDate "2017.04.20"]

1. d4 Nf6 2. Bf4 c5 3. c3 e6 4. e3 b6 5. Nd2 Bb7 6. Ngf3 Nh5 7. Bg5 Be7 8. Bxe7
Qxe7 9. Ne5 Nf6 10. Bd3 d6 11. Bb5+ Nbd7 12. Nxd7 Nxd7 13. Rg1 a6 14. Be2 Rc8
15. Bf3 Bxf3 16. Nxf3 O-O 17. Qd3 c4 18. Qc2 e5 19. dxe5 dxe5 20. Rd1 Nc5 21.
Ke2 e4 22. Nd4 Nd3 23. h3 Qh4 24. Rdf1 f5 25. Qa4 f4 26. exf4 Nxf4+ 27. Ke3 Qh6
28. g4 Nxh3+ 29. g5 Nxg5 30. Ke2 Qh5+ 31. Kd2 Qh3 32. Rxg5 Rxf2+ 33. Rxf2 e3+
34. Ke2 exf2 35. Kxf2 Qh4+ 36. Rg3 Qh2+ 37. Rg2 Rf8+ 38. Nf3 Qf4 39. Qc6 Qd2+
40. Kg1 Qc1+ 41. Kh2 Qf4+ 42. Rg3 h5 43. Qe6+ Kh8 44. Qg6 Qf7 45. Qxf7 Rxf7 46.
Ne5 Rf2+ 47. Rg2 Rxg2+ 48. Kxg2 b5 49. b4 Kh7 50. Nd7 g5 51. Nc5 Kg6 52. Nxa6
h4 53. Nc7 Kf5 54. Nxb5 g4 55. Nd4+ Kf4 56. Ne2+ Ke5 57. a4 Kd6 58. a5 Kc6 59.
Nd4+ Kb7 60. b5 Kc7 61. Nf5 h3+ 62. Kg3 1-0

[Event "Ì15Ï"]
[Site "Loo"]
[Date "2017.04.27"]
[Round "8.61"]
[White "Êîäçîåâ, Àëåêñàíäð."]
[Black "Áàáàÿí, Àðìàí."]
[Result "0-1"]
[WhiteElo "1229"]
[BlackElo "1531"]
[PlyCount "100"]
[EventDate "2017.04.20"]

1. e4 d6 2. d4 Nf6 3. Nc3 g6 4. f4 Bg7 5. Nf3 c5 6. dxc5 Qa5 7. Bd3 Qxc5 8. Qe2
Nc6 9. h3 O-O 10. g4 Nb4 11. Be3 Nxd3+ 12. cxd3 Qb4 13. O-O Re8 14. f5 gxf5 15.
gxf5 e6 16. Nh4 d5 17. Bg5 Kh8 18. fxe6 Rxe6 19. e5 Qd4+ 20. Kh1 Rxe5 21. Qg2
Bxh3 22. Qxh3 Rxg5 23. Nf5 Qg4 24. Qxg4 Rxg4 25. Nxg7 Kxg7 26. Rae1 Nh5 27. Rg1
Rxg1+ 28. Rxg1+ Kf8 29. Nxd5 Rd8 30. Rg5 Ng7 31. Nf6 Ne6 32. Nxh7+ Ke7 33. Rg3
Rh8 34. Rh3 Nf4 35. Rh4 Nxd3 36. Re4+ Kd6 37. Rd4+ Kc6 38. Rxd3 Rxh7+ 39. Kg2
Rh5 40. Kg3 Rd5 41. Rc3+ Kb6 42. a3 Rb5 43. Rc2 Ka5 44. b4+ Ka4 45. Rc3 a5 46.
bxa5 Rb3 47. Rxb3 Kxb3 48. Kf4 Kxa3 49. Kf5 Ka4 50. a6 bxa6 0-1

[Event "Ì15Ï"]
[Site "Loo"]
[Date "2017.04.27"]
[Round "8.63"]
[White "Ïåðåãóäîâ, Äåíèñ."]
[Black "Àðõèí÷ååâ, Âëàä."]
[Result "1-0"]
[WhiteElo "1568"]
[BlackElo "1285"]
[PlyCount "157"]
[EventDate "2017.04.20"]

1. d4 d5 2. Bf4 Nf6 3. e3 c5 4. c3 e6 5. Nd2 Nc6 6. Bd3 Bd6 7. Bg3 Bxg3 8. hxg3
Nd7 9. Ngf3 e5 10. dxe5 Ndxe5 11. Bc2 Bg4 12. Ba4 Nd3+ 13. Kf1 Nxb2 14. Bxc6+
bxc6 15. Qc2 Bxf3 16. Nxf3 Nc4 17. Rxh7 Rxh7 18. Qxh7 g6 19. Rb1 Nb6 20. Qh8+
Ke7 21. Qe5+ Kd7 22. Qg7 Qf8 23. Ne5+ Ke6 24. Qxf8 Rxf8 25. Nxc6 Rh8 26. Ke2
Na4 27. Kd2 a6 28. Na5 c4 29. Nc6 Kd6 30. Nd4 Rh2 31. Rg1 Nb2 32. Nf3 Rh8 33.
Rb1 Na4 34. a3 Kc5 35. Rb7 f6 36. Rf7 Rb8 37. Nd4 Rb2+ 38. Nc2 Rb6 39. Rd7 Rb2
40. Rf7 Rb6 41. Rf8 f5 42. Rc8+ Kd6 43. Rg8 Ke5 44. f4+ Kf6 45. Nb4 Rd6 46. Rc8
Kg7 47. Rc6 Rxc6 48. Nxc6 Kf6 49. Nb4 Nc5 50. Nxd5+ Ke6 51. Nb4 a5 52. Nc6 a4
53. Nd4+ Kf6 54. Ne2 Ne4+ 55. Ke1 g5 56. Kf1 g4 57. Ke1 Ke7 58. Kd1 Kf6 59. Ke1
Kg6 60. Kd1 Kf6 61. Kc2 Ke7 62. Nd4 Kf6 63. Nc6 Nd6 64. Ne5 Ke6 65. e4 fxe4 66.
Nxg4 Nf5 67. Ne5 Nxg3 68. Nxc4 Kf5 69. Nb6 Kxf4 70. Nxa4 Ke3 71. Nb2 Kf2 72.
Nd1+ Ke2 73. a4 Nf5 74. a5 Nd6 75. a6 Nc8 76. g4 Kf3 77. g5 e3 78. Nxe3 Kxe3
79. g6 1-0

[Event "Ì15Ï"]
[Site "Loo"]
[Date "2017.04.27"]
[Round "8.64"]
[White "Áåëîâ, Ñòåïàí."]
[Black "Äÿøêèí, Äìèòðèé."]
[Result "0-1"]
[WhiteElo "1216"]
[BlackElo "1568"]
[PlyCount "62"]
[EventDate "2017.04.20"]

1. e4 e6 2. d4 d5 3. e5 c5 4. c3 Qb6 5. Nf3 Nc6 6. Bd3 Bd7 7. Bc2 cxd4 8. cxd4
Rc8 9. a3 Nge7 10. O-O Ng6 11. Bxg6 hxg6 12. b4 a5 13. bxa5 Nxa5 14. a4 Nb3 15.
a5 Qb5 16. Na3 Bxa3 17. Rxa3 Rxc1 18. Qxc1 Nxc1 19. Rxc1 Ke7 20. h3 Ra8 21.
Rca1 Qb4 22. R3a2 Rc8 23. a6 bxa6 24. Rxa6 Rc2 25. Ra8 Qb2 26. Rf1 Rc1 27. Rg8
Rxf1+ 28. Kxf1 Qc1+ 29. Ne1 Bb5+ 30. Kg1 Qxe1+ 31. Kh2 Qxf2 0-1

[Event "Ì15Ï"]
[Site "Loo"]
[Date "2017.04.27"]
[Round "8.65"]
[White "Âèòåð, Þðèé."]
[Black "Àñòàõîâ, Äìèòðèé."]
[Result "0-1"]
[WhiteElo "1207"]
[BlackElo "1495"]
[PlyCount "54"]
[EventDate "2017.04.20"]

1. e4 d5 2. exd5 Qxd5 3. Nc3 Qa5 4. Nf3 Nf6 5. Bc4 Bg4 6. O-O Qh5 7. Nb5 Na6 8.
Nbd4 Nc5 9. Re1 O-O-O 10. Re5 Qxe5 11. Nxe5 Bxd1 12. Nb5 a6 13. Na7+ Kb8 14.
Nac6+ bxc6 15. Nxc6+ Kc8 16. Nxd8 Kxd8 17. d4 Nce4 18. Bf4 Bxc2 19. Rc1 Ba4 20.
Bxf7 Nd6 21. Be6 Bd7 22. d5 g6 23. Rc3 Bxe6 24. dxe6 Nd5 25. Rf3 Nxf4 26. Rxf4
a5 27. Ra4 Bg7 0-1

[Event "Ì15Ï"]
[Site "Loo"]
[Date "2017.04.27"]
[Round "8.67"]
[White "Êëþñ, Íèêèòà."]
[Black "Òÿí, Îëåã."]
[Result "1-0"]
[WhiteElo "1384"]
[BlackElo "1136"]
[PlyCount "87"]
[EventDate "2017.04.20"]

1. e4 e5 2. Nf3 Nc6 3. Bb5 a6 4. Ba4 Nf6 5. O-O Be7 6. Re1 b5 7. Bb3 O-O 8. c3
d6 9. h3 Na5 10. Bc2 c5 11. d4 Qc7 12. Bg5 h6 13. Bh4 Nc6 14. dxe5 dxe5 15.
Nbd2 b4 16. cxb4 Nxb4 17. Nc4 Nc6 18. Bg3 Rd8 19. Qe2 Rb8 20. Ncxe5 Bd6 21.
Nxc6 Qxc6 22. e5 Re8 23. Qd1 Bc7 24. Ba4 Rd8 25. Qxd8+ Bxd8 26. Bxc6 Nh7 27. e6
Rxb2 28. exf7+ Kxf7 29. Bd5+ Kg6 30. Be4+ Kf7 31. Bxh7 g6 32. Rad1 Ba5 33. Re3
Rxa2 34. Ne5+ Kg7 35. Bxg6 Be6 36. Nc6 Kxg6 37. Rxe6+ Kf5 38. Re5+ Kf6 39. Rd6+
Kf7 40. Re7+ Kf8 41. Rf6+ Kg8 42. Ref7 Bc3 43. Ne7+ Kh8 44. Rxh6# 1-0

[Event "Ì15Ï"]
[Site "Loo"]
[Date "2017.04.27"]
[Round "8.71"]
[White "Øïóðîâ, Àëåêñàíäð."]
[Black "Ñåðàæèì, Ñòàíèñëàâ."]
[Result "1-0"]
[WhiteElo "1237"]
[BlackElo "1040"]
[PlyCount "103"]
[EventDate "2017.04.20"]

1. e4 e5 2. Nc3 Nf6 3. d3 Be7 4. g3 O-O 5. Bg2 Nc6 6. Nge2 d6 7. O-O Nb4 8. a3
Na6 9. f4 Bg4 10. h3 Bxe2 11. Qxe2 c6 12. Be3 d5 13. exd5 exf4 14. Bxf4 Bc5+
15. Kh1 Nxd5 16. Nxd5 cxd5 17. Qf3 h6 18. Qxd5 Qxd5 19. Bxd5 Rab8 20. Bxb8 Rxb8
21. Rxf7 Rf8 22. Rxf8+ Kxf8 23. Bxb7 Nc7 24. Re1 Bd6 25. Kg2 Nb5 26. c3 Kf7 27.
a4 Nc7 28. b4 Kf6 29. d4 Ne6 30. d5 Nc7 31. b5 Bc5 32. Re4 Bd6 33. g4 Be5 34.
c4 Bd6 35. Bc8 Bc5 36. Kf3 g5 37. a5 Kf7 38. Re2 Kf6 39. Ke4 Na8 40. Re1 Bb4
41. Rd1 Bxa5 42. d6 Nb6 43. d7 Nxd7 44. Bxd7 Bb6 45. Rd6+ Kg7 46. Rxb6 axb6 47.
Kd5 Kf7 48. Kc6 Ke7 49. Bf5 Kd8 50. Kxb6 h5 51. gxh5 g4 52. hxg4 1-0

[Event "Ì15Â"]
[Site "Loo"]
[Date "2017.04.27"]
[Round "8.1"]
[White "Ìàêàðÿí, Ðóäèê."]
[Black "Íåñòåðîâ, Àðñåíèé."]
[Result "0-1"]
[WhiteElo "2207"]
[BlackElo "2324"]
[PlyCount "59"]
[EventDate "2017.04.20"]

1. Nf3 d5 2. g3 Nf6 3. Bg2 Bf5 4. c4 c6 5. O-O e6 6. cxd5 exd5 7. d3 Be7 8. Qb3
Qb6 9. Qc2 Nbd7 10. Nc3 O-O 11. e4 dxe4 12. dxe4 Be6 13. h3 Qa6 14. Rd1 Nc5 15.
Ng5 h6 16. Nxe6 Nxe6 17. e5 Nh7 18. Rd7 Rfe8 19. Ne4 Nhf8 20. Rd1 Rad8 21. Be3
Rxd1+ 22. Rxd1 Qxa2 23. f4 Nc7 24. f5 Nd5 25. Bd4 Nd7 26. f6 Bf8 27. fxg7 Bxg7
28. Nd6 Bf8 29. e6 f5 30. Bxd5 {äàëåå çàïèñü íåðàçáîð~~èâà} 0-1

[Event "Ì15Â"]
[Site "Loo"]
[Date "2017.04.27"]
[Round "8.2"]
[White "Öîé, Äìèòðèé."]
[Black "Ïîãîñÿí, Ñòåôàí."]
[Result "0-1"]
[WhiteElo "2305"]
[BlackElo "2387"]
[PlyCount "76"]
[EventDate "2017.04.20"]

1. e4 e5 2. Bc4 Nc6 3. d3 d6 4. f4 Na5 5. Bb3 Nxb3 6. axb3 g6 7. Qf3 exf4 8.
Bxf4 Bg7 9. Nc3 Ne7 10. O-O-O O-O 11. g4 Nc6 12. Qg3 Nd4 13. h4 h6 14. Rd2 a5
15. Nh3 Kh7 16. Rg2 b5 17. Qe3 Ne6 18. Ne2 a4 19. bxa4 Rxa4 20. Kd2 Ra2 21.
Bxh6 Bxh6 22. g5 Bg7 23. h5 Kg8 24. Nef4 Nxf4 25. Nxf4 c5 26. hxg6 Rxb2 27.
gxf7+ Rxf7 28. g6 Rf8 29. Nd5 Re8 30. Qf4 Rf8 31. Qe3 Be6 32. Ra1 Bxd5 33. exd5
Re8 34. Qh3 Qf6 35. Kd1 Rxc2 36. Ra7 Rc1+ 37. Kxc1 Qc3+ 38. Kb1 Re1+ 0-1

[Event "Ì15Â"]
[Site "Loo"]
[Date "2017.04.27"]
[Round "8.3"]
[White "Àâàëÿí, Àðòóð."]
[Black "Äóäèí, Ãëåá."]
[Result "1-0"]
[WhiteElo "2163"]
[BlackElo "2031"]
[PlyCount "71"]
[EventDate "2017.04.20"]

1. d4 d5 2. c4 c6 3. e3 Nf6 4. Nc3 Bf5 5. cxd5 cxd5 6. Qb3 Nc6 7. Qxb7 Bd7 8.
Qb3 Rb8 9. Qd1 e6 10. Bd3 Bd6 11. Nf3 Qe7 12. O-O e5 13. dxe5 Nxe5 14. Be2 O-O
15. Nd4 Rfc8 16. Ncb5 Bc5 17. a3 Ne4 18. f3 Bxb5 19. Nxb5 Nd6 20. Nc3 Nf5 21.
Nxd5 Qe6 22. b4 Bb6 23. Nxb6 Qxb6 24. Qb3 Rc6 25. g4 Nd6 26. Bb2 Re8 27. Bd4
Qd8 28. Qd5 Qe7 29. Bxe5 Rc2 30. Qxd6 Qg5 31. Bf4 Qh4 32. Rf2 Rd8 33. Qe5 h6
34. Bg3 Qh3 35. Bf1 Rxf2 36. Bxh3 1-0

[Event "Ì15Â"]
[Site "Loo"]
[Date "2017.04.27"]
[Round "8.4"]
[White "Âîëîâè÷, Âàñèëèé."]
[Black "Øóáèí, Êèðèëë."]
[Result "0-1"]
[WhiteElo "2152"]
[BlackElo "2287"]
[PlyCount "98"]
[EventDate "2017.04.20"]

1. e4 e6 2. d4 d5 3. e5 c5 4. c3 Qb6 5. Nf3 Nc6 6. a3 Nh6 7. b4 cxd4 8. Bxh6
gxh6 9. cxd4 Bd7 10. Ra2 Rg8 11. g3 Rg4 12. Rd2 Re4+ 13. Be2 a5 14. b5 Qxb5 15.
O-O Qb6 16. Bd3 Rxd4 17. Nxd4 Nxd4 18. Bxh7 Nc6 19. Qh5 O-O-O 20. Re1 Be8 21.
Qg4 Qc7 22. Rde2 Kb8 23. Bd3 Bc5 24. Rc2 Qe7 25. Qf4 Bb6 26. Rb2 Bd4 27. Rc2
Qg5 28. Nd2 Qxf4 29. gxf4 Bd7 30. Nf3 Rg8+ 31. Kh1 Bb6 32. Rg1 Rxg1+ 33. Kxg1
Bd8 34. Kg2 Be7 35. Ra2 Bc5 36. Kg3 Na7 37. Kg4 Nb5 38. Bxb5 Bxb5 39. a4 Bc4
40. Rb2 b5 41. Kh5 Ba3 42. Rb1 b4 43. Nd2 Bd3 44. Rh1 Bb2 45. Kxh6 f6 46. Kg7
fxe5 47. fxe5 Bxe5+ 48. Kf7 Bf4 49. Kxe6 Bc2 {äàëåå çàïèñü íåðàçáîð~~èâà} 0-1

[Event "Ì15Â"]
[Site "Loo"]
[Date "2017.04.27"]
[Round "8.5"]
[White "Êàâûåâ, Ðóñëàí."]
[Black "Àêî÷¸íîê, Äàíèèë."]
[Result "1-0"]
[WhiteElo "2242"]
[BlackElo "1917"]
[PlyCount "102"]
[EventDate "2017.04.20"]

1. d4 Nf6 2. c4 e6 3. g3 c5 4. d5 exd5 5. cxd5 d6 6. Bg2 b5 7. a4 b4 8. b3 g6
9. Bb2 Bg7 10. Nf3 Bb7 11. Nbd2 O-O 12. Nc4 Qc7 13. O-O Nbd7 14. e4 Nb6 15.
Nfd2 Ba6 16. e5 Nfxd5 17. a5 Nxc4 18. Nxc4 Nc3 19. Bxc3 bxc3 20. exd6 Qd7 21.
Bxa8 Bxc4 22. bxc4 Rxa8 23. Qd5 Rc8 24. Rab1 Rc6 25. Rb8+ Bf8 26. Rd8 Qxd8 27.
Qxc6 Qxd6 28. Qxd6 Bxd6 29. Kg2 Kg7 30. Kf3 Kf6 31. Ke4 Ke6 32. Kd3 Bc7 33. Ra1
a6 34. Ra3 Kf5 35. h3 h5 36. Rxc3 f6 37. Ke3 g5 38. Rb3 Ke6 39. g4 hxg4 40.
hxg4 Bxa5 41. Ra3 Bb4 42. Rxa6+ Ke5 43. Ra8 Be1 44. Re8+ Kd6 45. f3 Kd7 46. Ra8
Bc3 47. Ke4 Ke6 48. Ra6+ Kf7 49. Kf5 Bb2 50. Ra7+ Kg8 51. Kg6 Kf8 1-0

[Event "Ì15Â"]
[Site "Loo"]
[Date "2017.04.27"]
[Round "8.6"]
[White "Öûáèêîâ, Òóìýí."]
[Black "Êîëäàåâ, Äóíãàð."]
[Result "1-0"]
[WhiteElo "2152"]
[BlackElo "1988"]
[PlyCount "39"]
[EventDate "2017.04.20"]

1. e4 e6 2. d4 d5 3. Nc3 Nf6 4. Bg5 Be7 5. e5 Nfd7 6. Bxe7 Qxe7 7. f4 a6 8. Qg4
O-O 9. Bd3 f5 10. exf6 Nxf6 11. Qh4 c5 12. Bxh7+ Kf7 13. Nf3 cxd4 14. Bg6+ Kg8
15. Nxd4 Nc6 16. O-O-O Bd7 17. f5 Nxd4 18. Rxd4 exf5 19. Nxd5 Qe6 20. Re1 1-0

[Event "Ì15Â"]
[Site "Loo"]
[Date "2017.04.27"]
[Round "8.7"]
[White "Øèäëîâñêèé, Àðòåìèé."]
[Black "Ñêà÷êîâ, Âàëåðèé."]
[Result "1/2-1/2"]
[WhiteElo "1975"]
[BlackElo "2149"]
[PlyCount "94"]
[EventDate "2017.04.20"]

1. d4 Nf6 2. c4 e6 3. g3 d5 4. Nf3 dxc4 5. Bg2 a6 6. Qc2 b5 7. a4 Bb7 8. O-O
Nbd7 9. b3 cxb3 10. Qxb3 b4 11. Ne5 Bxg2 12. Kxg2 Nxe5 13. dxe5 Qd5+ 14. Qxd5
Nxd5 15. e4 Nb6 16. Nd2 a5 17. Nb3 Nd7 18. Be3 Nxe5 19. Rac1 Bd6 20. f4 Ng4 21.
Bd4 e5 22. h3 exd4 23. hxg4 c5 24. e5 Be7 25. Nxc5 Bxc5 26. Rxc5 O-O 27. Kf3
Rfc8 28. Rxc8+ Rxc8 29. Ke4 Rc3 30. Kxd4 Rxg3 31. Kc4 Rxg4 32. Kb5 b3 33. Kxa5
b2 34. Rb1 Rxf4 35. Rxb2 g5 36. Kb5 Re4 37. a5 Rxe5+ 38. Kb6 Re6+ 39. Kb7 Re7+
40. Kb6 g4 41. Rb5 f5 42. Rxf5 g3 43. Rg5+ Rg7 44. a6 Rxg5 45. a7 g2 46. a8=Q+
Kg7 47. Qb7+ Kf6 1/2-1/2

[Event "Ì15Â"]
[Site "Loo"]
[Date "2017.04.27"]
[Round "8.8"]
[White "Ìóõóòäèíîâ, Òèãðàí."]
[Black "Øàéõàëèåâ, Äæîõàð."]
[Result "1-0"]
[WhiteElo "2136"]
[BlackElo "1846"]
[PlyCount "70"]
[EventDate "2017.04.20"]

1. e4 c5 2. Nf3 d6 3. d4 cxd4 4. Nxd4 Nf6 5. Nc3 a6 6. Nb3 e5 7. Bg5 Be6 8.
Bxf6 Qxf6 9. Na5 Qd8 10. Nc4 b5 11. Ne3 Nd7 12. a4 b4 13. Ncd5 Nf6 14. Nxf6+
Qxf6 15. Nd5 Qd8 16. Nxb4 Be7 17. Be2 Qb6 18. c3 O-O 19. a5 Qb7 20. O-O Ra7 21.
Bd3 g6 22. Qe2 Rc8 23. Bxa6 Rxa6 24. Qxa6 Qxa6 25. Nxa6 Bc4 26. Nb4 Bxf1 27.
Kxf1 Kf8 28. a6 Bd8 29. Nc6 Bb6 30. a7 Ra8 31. Ra3 Ke8 32. Rb3 Bxa7 33. Ra3 Kd7
34. Rxa7+ Rxa7 35. Nxa7 Kc7 1-0

[Event "Ì15Â"]
[Site "Loo"]
[Date "2017.04.27"]
[Round "8.9"]
[White "Âàñèëüåâ, Ãåîðãèé."]
[Black "Åðèöÿí, Àðàì."]
[Result "0-1"]
[WhiteElo "2011"]
[BlackElo "2372"]
[PlyCount "63"]
[EventDate "2017.04.20"]

1. d4 Nf6 2. c4 e6 3. Nf3 Bb4+ 4. Bd2 Qe7 5. g3 Bxd2+ 6. Qxd2 Nc6 7. Nc3 d5 8.
Ne5 dxc4 9. Nxc4 O-O 10. Bg2 Rd8 11. e3 e5 12. d5 e4 13. O-O Nb4 14. d6 Qe6 15.
Nxe4 Qxc4 16. Nxf6+ gxf6 17. Rac1 Qb5 18. Rxc7 Qb6 19. Rfc1 Na6 20. Re7 Rxd6
21. Re8+ Kg7 22. Qc3 Nc7 23. Re7 Nd5 24. Bxd5 Rxd5 25. e4 Rd6 26. e5 Rc6 27.
exf6+ Rxf6 28. Re3 Bd7 29. Rd1 Qc6 30. Qd4 Bh3 31. f3 Re8 32. Rb3 0-1

[Event "Ì15Â"]
[Site "Loo"]
[Date "2017.04.27"]
[Round "8.10"]
[White "Ìóðòàçèí, Ðóñëàí."]
[Black "Òðóá÷àíèíîâ, Àðòåì."]
[Result "1-0"]
[WhiteElo "2344"]
[BlackElo "1917"]
[PlyCount "79"]
[EventDate "2017.04.20"]

1. e4 e5 2. Nf3 Nc6 3. Bc4 Bc5 4. c3 Nf6 5. d3 d6 6. Bg5 h6 7. Bh4 g5 8. Bg3
Qe7 9. a4 a6 10. O-O Bb6 11. Nbd2 Bg4 12. h3 Be6 13. b4 Nh5 14. Kh2 Ng7 15.
Bxe6 Qxe6 16. b5 Ne7 17. d4 Ng6 18. a5 Ba7 19. bxa6 bxa6 20. Qa4+ Ke7 21. Nc4
f6 22. Rab1 Qd7 23. Qa3 Qc6 24. Ne3 Qxe4 25. Rfe1 Qc6 26. Ng4 h5 27. Ngxe5 fxe5
28. Bxe5 Kf8 29. Nxg5 Nxe5 30. Rxe5 Qc4 31. Rb4 Qc6 32. Qb3 Qd7 33. Re3 d5 34.
Re5 Qd6 35. Rb7 c5 36. Rf7+ Kg8 37. Rxg7+ Kxg7 38. Qb7+ Kg6 39. f4 Qf8 40. Qb1+
1-0